| Tag |
First Indicator |
Second Indicator |
Subfields |
| LEADER |
00000cam a2200000 4500 |
| 001 |
in00003867939 |
| 005 |
20190415191452.0 |
| 006 |
m o d |
| 007 |
cr |n||||||||n |
| 008 |
790405s1742 enk|||| o 00||||eng c |
| 035 |
|
|
|a (CU-RivES)T30547
|
| 035 |
|
|
|a (Uk-ES)006229799
|
| 035 |
|
|
|a (OCoLC)508553582
|
| 040 |
|
|
|a Uk-ES
|c Uk-ES
|d CStRLIN
|d Cengage Gale
|d UtOrBLW
|
| 245 |
0 |
2 |
|a A cheap, sure, and ready guide to health: or, A cure for a disease call'd the doctor :
|b Instructing, how to prevent being cheated and destroyed by the exactions and unmerciful usage of ignorant and oppressive physicians and apothecaries; and to prepare at home the proper medicines for usual distempers; with their prices, to save nineteen shillings in twenty, and expend little more than a penny a dose. Likewise a new account of the connection of distempers, key to all physic, and to know any disease. Set forth by the benefaction of a very worthy private gentleman, go contain more than any book of the kind, at the lowest rate, at necessary for all families, and all persons.
|
| 264 |
|
1 |
|a London :
|b printed for J. Roberts, in Warwick lane. ...,
|c MDCCXLII. [1742]
|
| 300 |
|
|
|a 1 online resource (4 unnumbered pages, 36 pages)
|
| 336 |
|
|
|a text
|b txt
|2 rdacontent
|
| 337 |
|
|
|a computer
|b c
|2 rdamedia
|
| 338 |
|
|
|a online resource
|b cr
|2 rdacarrier
|
| 500 |
|
|
|a Between publisher and date of publication in imprint (in square brackets): Price 6d.
|
| 510 |
4 |
|
|a English Short Title Catalog,
|c T30547.
|
| 500 |
|
|
|a Reproduction of original from British Library.
|
| 500 |
|
|
|a Electronic resource.
|
| 650 |
|
0 |
|a Medicine, Popular
|v Early works to 1800.
|0 http://id.loc.gov/authorities/subjects/sh2008107661
|
| 650 |
|
0 |
|a Health
|v Early works to 1800.
|0 http://id.loc.gov/authorities/subjects/sh2008105524
|
| 655 |
|
7 |
|a Electronic books.
|2 local
|
| 710 |
2 |
|
|a Gale (Firm)
|0 http://id.loc.gov/authorities/names/no2008071348
|
| 752 |
|
|
|a Great Britain
|b England
|d London.
|
| 856 |
4 |
0 |
|u http://proxy.library.tamu.edu/login?url=http://find.galegroup.com/ecco/infomark.do?contentSet=ECCOArticles&docType=ECCOArticles&bookId=1529400200&type=getFullCitation&tabID=T001&prodId=ECCO&docLevel=TEXT_GRAPHICS&version=1.0&source=library&userGroupName=txshracd2898
|z Connect to the full text of this electronic book
|t 0
|
| 999 |
f |
f |
|s 7adec697-5970-3dd0-880c-be599813e1e7
|i 82bf6047-ed9c-3a35-b80e-caaecaf2ea85
|t 0
|
| 952 |
f |
f |
|a Texas A&M University
|b College Station
|c Electronic Resources
|d Available Online
|t 0
|h No information provided
|
| 998 |
f |
f |
|t 0
|l Available Online
|